000 00713nam a22002297a 4500
003 UA-OsUOA
001 99603
007 ta
008 20130513b un ||||| |||| 00| 0 ukr d
100 _aТендряков В.
090 _a821.161.1
_bТ33
942 _cBK
040 _aUA-OsUOA
_brus
_cUA-OsUOA
_dUA-OsUOA
245 _aПоденка - век короткий. Чудотворная. Черезвычайное. Короткое замыкание. Онега
300 _a416 с.
955 _a3
041 _arus
080 _a821.161.1
260 _aМ.
_bМолодая гвардия
_c1969
650 7 _a82 Література. Літературознавство
_2UDC
999 _c385851
_d385851